| 000 | 00497nam a2200181 a 4500 | ||
|---|---|---|---|
| 005 | 20140310183414.0 | ||
| 008 | 070918s19uu xx 00 eng d | ||
| 020 | _a1844480232 | ||
| 050 |
_aND 1342 _b.H993 2006 |
||
| 100 | _aHyde, David | ||
| 245 |
_aLandscapes in acrylics / _cDavid Hyde |
||
| 260 |
_aGreat Britain : _bSearch Press Limited, _c2006. |
||
| 300 |
_a48 p. : _bill. col. ; _c26 cm. |
||
| 521 | _aMA | ||
| 650 |
_aPainting _xTechniques. |
||
| 942 |
_cBK _2lcc _kFOR |
||
| 999 |
_c22545 _d22545 |
||